Macroeconomics Principles and Policy (Record no. 55497)
[ view plain ]
| 000 -LEADER | |
|---|---|
| fixed length control field | 00351nam a22001457a 4500 |
| 008 - FIXED-LENGTH DATA ELEMENTS--GENERAL INFORMATION | |
| fixed length control field | 210302b ||||| |||| 00| 0 eng d |
| 020 ## - INTERNATIONAL STANDARD BOOK NUMBER | |
| International Standard Book Number | 9780030355097 |
| 041 ## - LANGUAGE CODE | |
| Language code of text/sound track or separate title | eng |
| 080 ## - UNIVERSAL DECIMAL CLASSIFICATION NUMBER | |
| Edition identifier | 9th |
| Universal Decimal Classification number | 330.101.541 |
| 082 ## - DEWEY DECIMAL CLASSIFICATION NUMBER | |
| Classification number | 330.101.541 |
| 100 ## - Rafti | |
| Rafti | 52 |
| 101 ## - Shkurtesa | |
| Shkurtesa | MAKRO |
| 245 ## - TITLE STATEMENT | |
| Title | Macroeconomics Principles and Policy |
| Statement of responsibility, etc | Baumol, W. J |
| 942 ## - ADDED ENTRY ELEMENTS (KOHA) | |
| Source of classification or shelving scheme | |
| Item type | Books |
| Withdrawn status | Lost status | Source of classification or shelving scheme | Damaged status | Not for loan | Collection code | Permanent location | Current location | Shelving location | Date acquired | Total Checkouts | Full call number | Barcode | Date last seen | Price effective from | Koha item type |
|---|---|---|---|---|---|---|---|---|---|---|---|---|---|---|---|
| Koleksioni i përgjithshem | UBT - Lipjan | UBT - Lipjan | Koleksioni i përgjithshem | 03/02/2021 | 330.101.541 BAU | 002-6000848 | 03/02/2021 | 03/02/2021 | Books | ||||||
| Koleksioni i përgjithshem | UBT - Lipjan | UBT - Lipjan | 10/12/2022 | 330.BAU | 002-80002870026056 | 10/12/2022 | 10/12/2022 | Books | |||||||
| Koleksioni i përgjithshem | UBT - Lipjan | UBT - Lipjan | 10/12/2022 | 330.BAU | 002-80002870026057 | 10/12/2022 | 10/12/2022 | Books |